ბათუმის შოთა რუსთაველის სახელმწიფო უნივერსიტეტის ბიბლიოთეკა

Java : (ბიბ.ჩანაწერი № 58187)

000 -LEADER
fixed length control field 00718cam a2200205 i 4500
001 - CONTROL NUMBER
control field 18731070
005 - DATE AND TIME OF LATEST TRANSACTION
control field 20240207102500.0
008 - FIXED-LENGTH DATA ELEMENTS--GENERAL INFORMATION
fixed length control field 150805s2014 nyua b 001 0 eng
020 ## - INTERNATIONAL STANDARD BOOK NUMBER
International Standard Book Number 9780071809252
080 ## - UNIVERSAL DECIMAL CLASSIFICATION NUMBER
Universal Decimal Classification number 004.43 Sch-31
100 1# - MAIN ENTRY--PERSONAL NAME
Personal name Schildt, Herbert.
9 (RLIN) 12391
245 10 - TITLE STATEMENT
Title Java :
Name of part/section of a work A beginner's guide /
Statement of responsibility, etc. Herbert Schildt.
250 ## - EDITION STATEMENT
Edition statement Sixth edition.
264 #1 - PRODUCTION, PUBLICATION, DISTRIBUTION, MANUFACTURE, AND COPYRIGHT NOTICE
Place of production, publication, distribution, manufacture New York :
Name of producer, publisher, distributor, manufacturer McGraw-Hill Education,
Date of production, publication, distribution, manufacture, or copyright notice 2014.
300 ## - PHYSICAL DESCRIPTION
Extent 700 pages :
Other physical details illustrations ;
Dimensions 24 cm.
653 ## - INDEX TERM--UNCONTROLLED
keyword პროგრამირების ენები
653 ## - INDEX TERM--UNCONTROLLED
keyword კომპიუტერული მეცნიერებანი
700 ## - ADDED ENTRY--PERSONAL NAME
Personal name Shailer, Brandi
Relator term რედაქტორი
9 (RLIN) 12394
942 ## - ADDED ENTRY ELEMENTS (KOHA)
Source of classification or shelving scheme
Koha item type წიგნი
ეგზემპლარები
Withdrawn status Lost status Source of classification or shelving scheme Damaged status Not for loan Permanent Location Current Location Date acquired Cost, normal purchase price Full call number Barcode Date last seen Copy number Price effective from Koha item type Public note Shelving location
          ბათუმის შოთა რუსთაველის სახელმწიფო უნივერსიტეტის მთავარი ბიბლიოთეკა ბათუმის შოთა რუსთაველის სახელმწიფო უნივერსიტეტის მთავარი ბიბლიოთეკა 2021-08-12 96.00 004.43 Sch-31 55253 2021-08-12 55253 2021-08-12 წიგნი 96.00 GEL.  
          ბათუმის შოთა რუსთაველის სახელმწიფო უნივერსიტეტის მთავარი ბიბლიოთეკა ბათუმის შოთა რუსთაველის სახელმწიფო უნივერსიტეტის მთავარი ბიბლიოთეკა 2021-08-12 96.00 004.43 Sch-31 55254 2021-08-12 55254 2021-08-12 წიგნი 96.00 GEL. წიგნსაცავი
          ბათუმის შოთა რუსთაველის სახელმწიფო უნივერსიტეტის მთავარი ბიბლიოთეკა ბათუმის შოთა რუსთაველის სახელმწიფო უნივერსიტეტის მთავარი ბიბლიოთეკა 2024-02-07 77.00 004.43 Sch-31 67241 2024-02-07 67241 2024-02-07 წიგნი 77 ლ. წიგნსაცავი